LEADER 05868nam 2200889 450 001 9910461586103321 005 20180731043923.0 010 $a90-272-6821-5 035 $a(CKB)3710000000469080 035 $a(EBL)2198287 035 $a(SSID)ssj0001562911 035 $a(PQKBManifestationID)16211284 035 $a(PQKBTitleCode)TC0001562911 035 $a(PQKBWorkID)14813988 035 $a(PQKB)11053886 035 $a(PQKBManifestationID)16173944 035 $a(PQKBWorkID)14814052 035 $a(PQKB)21194101 035 $a(MiAaPQ)EBC4386603 035 $a(DLC) 2015041943 035 $a(MiAaPQ)EBC2198287 035 $a(EXLCZ)993710000000469080 100 $a20160913h20152015 uy 0 101 0 $aeng 135 $aur|n|---||||| 181 $ctxt 182 $cc 183 $acr 200 10$aDiscourse, identity and legitimacy $eself and other in representations of Iran's nuclear programme /$fMajid KhosraviNik 210 1$aAmsterdam, [Netherlands] ;$aPhiladelphia, [Pennsylvania] :$cJohn Benjamins Publishing Company,$d2015. 210 4$d©2015 215 $a1 online resource (312 p.) 225 1 $aDiscourse Approaches to Politics, Society and Culture,$x1569-9463 ;$vVolume 62 300 $aDescription based upon print version of record. 311 $a90-272-0653-8 320 $aIncludes bibliographical references. 327 $a2.3 Iran after the Islamic Revolution: Changes in the grand rhetoric and themes 2.3.1 Revolutionary Period (1979-1981) ; 2.3.2 War Period (1980-1988) ; 2.3.3 Economic Reforms Period 1989-1997 (Rafsanjani) ; 2.3.4 Political Reforms Period 1997-2005 (Khatami) ; 2.3.5 Radical conservative rise 2005-2013 (Ahmadinejad) ; 2.4 Political structure of the Islamic Republic of Iran ; 3. Theoretical background; 3.1 Critical Discourse Analysis ; 3.2 The critique/critical in CDA ; 3.2.1 CDA and Habermas ; 3.3 Discourse in CDA ; 3.4 Analysis in CDA ; 3.5 Power and ideology in CDA 327 $a3.6 Analysis of meanings in society (language in use) 3.7 Discourse-Historical Approach (DHA) ; 3.7.1 CDA and Self /Other presentation ; 3.8 CDA and the media ; 3.9 CDA and the international contexts ; 3.10 Discourse analysis, Iran and nuclear issue ; 4. The British and Iranian press; 4.1 The Press in Iran ; 4.1.1 Historical development of the press (before the Revolution) ; 4.1.2 Historical development of the press (after the Revolution) ; 4.1.3 Jameah newspaper ; 4.1.4 Newspaper closures ; 4.1.5 Issues and challenges ; 4.2 The press in Britain ; 4.2.1 The state and the press 327 $a4.2.2 Political authority and the press 4.2.3 Economic model and the press ; 4.2.4 Ownership of the press ; 4.2.5 Approaches to journalism ; 4.2.6 Approaches to press and media analysis ; 4.2.7 Current issues ; 5. Methodology and data selection ; 5.1 Methods in Self and Other presentation ; 5.2 Methods in the Discourse-Historical Approach ; 5.2.1 Topoi ; 5.3 Presupposition and the repertoire of old knowledge; 5.4 Deontic modalisation ; 5.5 Recontextualisation ; 5.6 Conversationalisation and vagueness ; 5.7 UK data selection ; 5.7.1 The spike ; 5.7.2 The Times' background 327 $a5.7.3 The Guardian's background 5.8 Iranian data selection ; 5.8.1 Kayhan newspaper's background ; 5.8.2 Shargh newspaper's background ; 5.9 English translation ; 6.1 Discourse topics analysis ; 6. Kayhan newspaper ; 6.2 Textual analysis: a short example ; 6.3 Referential strategy ; 6.3.1 A note on the Persian language ; 6.3.2 Referential strategy: Self ; 6.3.3 Referential strategy: Other ; 6.3.4 Referential strategy: the nuclear programme ; 6.4 Predicational strategy in Kayhan; 6.4.1 Predicational strategy: Self ; 6.4.2 Predicational strategy: the Other ; 6.5 Argumentative strategy 327 $a6.5.1 Macro legitimatory arguments 330 $aThis book is a critical study of the ways that discourses of the (national) Self and Other are invoked and reflected in the reporting of a major international political conflict. Taking Iran's nuclear programme as a case study, this book offers extensive textual analysis, comparative investigation and socio-political contextualisation of national identity in newspaper reporting. In addition to providing comprehensive accounts of theory and methodology in Critical Discourse Analysis, the book provides a valuable extensive discussion of journalistic practice in Iranian and British contexts, as w 410 0$aDiscourse approaches to politics, society, and culture ;$vVolume 62. 606 $aDiscourse analysis$xPolitical aspects 606 $aDiscourse analysis$xPolitical aspects$zIran 606 $aNuclear weapons$zIran$vCase studies 606 $aNationalism 606 $aRhetoric$xPolitical aspects 606 $aMass media and language 606 $aIranian newspapers$xHistory 606 $aJournalism$zIran$xHistory 606 $aGovernment and the press$zIran 606 $aBritish newspapers$xHistory 606 $aJournalism$zGreat Britain$xHistory 606 $aGovernment and the press$zGreat Britain 608 $aElectronic books. 615 0$aDiscourse analysis$xPolitical aspects. 615 0$aDiscourse analysis$xPolitical aspects 615 0$aNuclear weapons 615 0$aNationalism. 615 0$aRhetoric$xPolitical aspects. 615 0$aMass media and language. 615 0$aIranian newspapers$xHistory. 615 0$aJournalism$xHistory. 615 0$aGovernment and the press 615 0$aBritish newspapers$xHistory. 615 0$aJournalism$xHistory. 615 0$aGovernment and the press 676 $a401.47 700 $aKhosraviNik$b Majid$0803461 801 0$bMiAaPQ 801 1$bMiAaPQ 801 2$bMiAaPQ 906 $aBOOK 912 $a9910461586103321 996 $aDiscourse, identity and legitimacy$92137558 997 $aUNINA LEADER 01702nam0 22003371i 450 001 UON00073273 005 20231205102359.107 100 $a20020107d1970 |0itac50 ba 101 $aeng 102 $aUS 105 $a|||| ||||| 200 1 $aˆThe ‰Early Cape Hottentots described in the writings of Olfert Dapper (1668), Willem Ten Rhyne (1686) and Johannes Gulielmus De Grevenbroek (1695)$fThe original texts, with translations into English by I. Schapera and E. Farrington$gEdited, with an introduction and notes, by I. Schapera 205 $aWestport : Negro Universities Press$b1970 210 $axv$d309, x p. ; 22 cm 215 $aOriginally published in 1933 by The Van Riebeeck Society, Cape Town 606 $aTRADIZIONE ORALE$xAfrica Meridionale$3UONC018506$2FI 606 $aOTTENTOTTI$3UONC022109$2FI 620 $aUS$dWestport (Connecticut)$3UONL003186 676 $a968.004961$cSTORIA DEGLI OTTENTOTTI$v21 702 1$aDAPPER$bOlfert$3UONV048129 702 1$aFARRINGTON$bE.$3UONV048128 702 1$aGREVENBROEK$bJohannes Gulielmus : de$3UONV048131 702 1$aRHYNE$bWillem Ten$3UONV048130 702 1$aSCHAPERA$bIsaac$3UONV046152 712 $aNegro Universities Press$3UONV253555$4650 801 $aIT$bSOL$c20240220$gRICA 899 $aSIBA - SISTEMA BIBLIOTECARIO DI ATENEO$2UONSI 912 $aUON00073273 950 $aSIBA - SISTEMA BIBLIOTECARIO DI ATENEO$dSI AA LING K c 002 $eSI AA 5914 5 002 996 $aEarly Cape Hottentots described in the writings of Olfert Dapper (1668), Willem Ten Rhyne (1686) and Johannes Gulielmus De Grevenbroek (1695$91165183 997 $aUNIOR